00750nam a2200205Ia 4500008004100000082001300041100001200054245003600066250000800102260002500110300001300135500002400148650001600172700002600188942000700214952010200221952010200323952010200425999001700527230524s9999 xx 000 0 und d a330bHSV aH P Hsu 0aSignals and Systems (Schaum's) a2ND aNEW DELHIbTMHc2008 aVII;8.54 aQuantity Number: 3 aElectronics aR Ranjan (Adapted by) cBK 00104070aTATCLbTATCLcGENd2023-05-24l0o330 HSVp26160r2023-05-24w2023-05-24yBKzMBA3102 00104070aTATCLbTATCLcGENd2023-05-24l0o330 HSVp26554r2023-05-24w2023-05-24yBKzMBA3102 00104070aTATCLbTATCLcGENd2023-05-24l0o330 HSVp26555r2023-05-24w2023-05-24yBKzMBA3102 c40444d40444